00977nam a2200265 i 4500001001000000003000900010005001700019007000300036008004100039040003000080041001300110082001900123130005500142245011400197246005900311260009900370300002800469336002700497337003300524338002800557500003400585650001700619700003900636700003600675000001852DO-SdBNP20240610142429.0ta090629s1960 xxu r 000 0 spa d aDO-SdBNPbspacBNPHUerda17aspabeng a225bB582n2221 aBiblia.pN.T.lEspañolsCipriano de Valeraf196003aEl Nuevo Testamento de nuestro Señor Jesucristo =bThe New Testament of our Lord and Saviour Jesus Christ .31aThe New Testament of our Lord and Saviour Jesus Christ aNashville, Tenn. :aPhiladelphia, Penn. :bThe Gideons International :bNational Pub. ,c1960. a468 páginas ;c23 cm. 2rdacontentatextobtxt 2rdamediaasin mediaciónbn 2rdacarrieravolumenbnc aTexto en español e inglés 4aBiblia.-n.t.1 aReina, Casiodoro de,dca.1520-15941 aValera, Cipriano de,d1532-1625